000 00300nam a2200133Ia 4500
100 _aSubramanyam/M.V
650 _aLogic Design
942 _cBK
654 _alogic design
245 _aSwitching theory and logic design
260 _bLaxmi publications
_aMumbai
546 _aENGLISH
999 _c28570
_d28570